Nihon wakamonoshi,

Saved in:
Bibliographic Details
Main Author: Nakayama, Tarō, 1876-1947.
Format: Book
Language:Japanese
Published: Tōkyō, Shunʾyōdō, Shōwa 5 [1930]
Subjects:
Tags: Add Tag
No Tags, Be the first to tag this record!
LEADER 00724nam a2200217u 4500
001 007721843-4
005 20024617115958.0
008 900326s1930 ja a 000 0 jpn d
035 0 |a ocm21266367 
040 |a CLU  |c CLU  |d *YNH*  |d CStRLIN 
100 1 |6 880-01  |a Nakayama, Tarō,  |d 1876-1947. 
245 1 0 |6 880-02  |a Nihon wakamonoshi,  |c Nakayama Tarō cho. 
260 |6 880-03  |a Tōkyō,  |b Shunʾyōdō,  |c Shōwa 5 [1930] 
300 |a 9, 5, 237, 5 p.  |b illus.  |c 19 cm. 
650 0 |a Youth  |z Japan. 
651 0 |a Japan  |x Social life and customs. 
880 1 |6 100-01  |a 中山太郎,  |d 1876-1947. 
880 1 0 |6 245-02  |a 日本若者史,  |c 中山太郎著. 
880 |6 260-03  |a 東京,  |b 春陽堂,  |c 昭和5 [1930] 
988 |a 20021214 
906 |0 OCLC